[Event "TCh-ROU 2013"]
[Site "Mamaia ROU"]
[Date "2013.09.07"]
[Round "8.2"]
[White "Miron,L"]
[Black "Baratosi,D"]
[Result "1-0"]
[WhiteElo "2532"]
[BlackElo "2402"]

1.Nf3 d5 2.g3 c6 3.Bg2 Bg4 4.O-O Nd7 5.d4 e6 6.Nbd2 Ngf6 7.Re1 Be7 8.e4 O-O
9.c3 a5 10.Qb3 Nxe4 11.Nxe4 dxe4 12.Rxe4 Bf5 13.Re1 Qb6 14.Nd2 a4 15.Qd1 Rfd8
16.Qf3 Bg6 17.Nc4 Qa6 18.Ne3 Nf6 19.Bf1 b5 20.Ng4 Nxg4 21.Qxg4 a3 22.b4 Qa4
23.Bf4 Qc2 24.Rec1 Qf5 25.Qxf5 Bxf5 26.Re1 Bd6 27.Bxd6 Rxd6 28.f4 h6 29.Kf2 g5
30.Ke3 f6 31.Bd3 Bxd3 32.Kxd3 Kf7 33.Kc2 gxf4 34.gxf4 Rd5 35.Re2 Rf5 36.Rf1 Re8
37.Kb3 e5 38.dxe5 fxe5 39.Rfe1 Rxf4 40.Rxe5 Rxe5 41.Rxe5 Rf3 42.Rc5 Rf6 43.Kxa3 Ke7
44.Kb3 Kd6 45.Rh5 Kc7 46.a4 bxa4+ 47.Kxa4 Kb6 48.c4 Re6 49.Rh4 Rf6 50.Kb3 Rf3+
51.Kc2 Rf2+ 52.Kd3 Rf3+ 53.Kc2 Rf2+ 54.Kc3 Rf3+ 55.Kb2 Rf2+ 56.Kb3 Rf3+ 57.Ka4 Rf6
58.Re4 Rg6 59.Re7 c5 60.b5 Rf6 61.Rh7 Re6 62.h4 Rd6 63.h5 Rf6 64.Rg7 Rf4
65.Rg6+ Kb7 66.Kb3 Rf3+ 67.Kc2 Rf4 68.Kd3 Rd4+ 69.Kc3 Rh4 70.Rxh6 Ka7 71.Kb3 Kb7
72.Rh8 Rh3+ 73.Kc2 Rh4 74.Kd3 Rd4+ 75.Kc3 Rh4 76.h6 Ka7 77.Rc8 Rh3+ 78.Kc2 Rxh6
79.Rxc5 Kb6 80.Rd5 Rh3 81.Rd3 Rh1 82.Kc3 Rc1+ 83.Kd4 Rh1 84.Rg3 Rd1+ 85.Kc3 Rc1+
86.Kb3 Rb1+ 87.Kc2 Rh1 88.Rg6+  1-0

[Event "TCh-ROU 2013"]
[Site "Mamaia ROU"]
[Date "2013.09.07"]
[Round "8.4"]
[White "Balla,Ta"]
[Black "Danilov,V"]
[Result "1/2-1/2"]
[WhiteElo "2376"]
[BlackElo "2405"]

1.Nf3 d5 2.g3 Nf6 3.Bg2 e6 4.O-O Be7 5.c4 dxc4 6.Qa4+ Nbd7 7.Qxc4 O-O 8.d4 a6
9.Rd1 b5 10.Qc2 Bb7 11.Nc3 b4 12.Na4 Be4 13.Qb3 Bd5 14.Qc2 Be4 15.Qb3 Bd5
16.Qc2  1/2-1/2

[Event "10th LGA Premium Cup GpC"]
[Site "Nuernberg GER"]
[Date "2013.09.07"]
[Round "4.3"]
[White "Troyke,C"]
[Black "Seibold,H"]
[Result "1/2-1/2"]
[WhiteElo "2319"]
[BlackElo "2166"]

1.g3 d5 2.Nf3 Nf6 3.Bg2 g6 4.c4 c6 5.b3 Bg7 6.Bb2 O-O 7.O-O Qb6 8.d3 dxc4
9.dxc4 a5 10.Nbd2 a4 11.Qc1 axb3 12.axb3 Rxa1 13.Qxa1 Qa6 14.Qa3 Qxa3 15.Bxa3 Re8
16.e4 Na6 17.h3 c5 18.e5 Nd7 19.Re1 Nf8 20.Ne4 Ne6 21.Nc3 Nb4 22.Bxb4 cxb4
23.Nd5 Nc5 24.Nxb4 Nxb3 25.Nd5 Nc5 26.Rb1 Bd7 27.Re1 Bc6 28.Re3 e6 29.Nb4 Rd8
30.Nxc6 bxc6 31.Ne1 Rd4 32.Bxc6 Rxc4 33.Be8 Re4  1/2-1/2

[Event "Chepukaitis Mem Blitz Final 2013"]
[Site "St Petersburg RUS"]
[Date "2013.09.07"]
[Round "5.2"]
[White "Goganov,A"]
[Black "Aleksandrov,A"]
[Result "1-0"]
[WhiteElo "2577"]
[BlackElo "2598"]

1.Nf3 d5 2.g3 g6 3.Bg2 Bg7 4.O-O e5 5.c4 d4 6.d3 Ne7 7.b4 O-O 8.Bb2 a5 9.a3 c5
10.bxc5 Na6 11.Nbd2 Nxc5 12.a4 Bd7 13.Ng5 Qe8 14.Ba3 Nxa4 15.Nde4 Nc3 16.Nxc3 dxc3
17.Ne4 Bc6 18.Qb3 Qd7 19.Qxc3 a4 20.Rab1 Rfb8 21.Rb6 Nf5 22.e3 Rd8 23.Nc5 Qc7
24.Bxc6 Qxb6 25.Bxb7 Ra5 26.Qb4 Qxb4 27.Bxb4 Ra7 28.Bd5 Bf8 29.Ra1 Rb8 30.Ba3 Kg7
31.Kg2 h5 32.h4 Rc8 33.Nxa4 Bxa3 34.Rxa3 Ne7 35.Bf3 f5 36.Ra2 Nc6 37.Nc3 Rxa2
38.Nxa2 Na5 39.Nc3 Nb3 40.Nd5 Nc1 41.d4 exd4 42.exd4 Nb3 43.Nb6 Rb8 44.Nd7 Rd8
45.Nc5 Nxd4 46.Bd5 Kf6 47.Nd3 Rc8 48.Nf4 Nb3 49.Ne6 Nd2 50.c5 Ke5 51.Nf4 Kf6
52.c6 Ne4 53.Kf3 Nc3 54.Ke3 Nxd5+ 55.Nxd5+ Ke6  1-0

[Event "Chepukaitis Mem Blitz Prelim 2013"]
[Site "St Petersburg RUS"]
[Date "2013.09.07"]
[Round "10.7"]
[White "Novik,Ma"]
[Black "Donskov,Ana"]
[Result "0-1"]
[WhiteElo "2462"]
[BlackElo "2299"]

1.Nf3 d5 2.g3 c5 3.Bg2 Nc6 4.d4 e6 5.O-O Qb6 6.c4 cxd4 7.cxd5 exd5 8.Nbd2 Nf6
9.Nb3 Be7 10.Nfxd4 O-O 11.Be3 Qd8 12.Nxc6 bxc6 13.Rc1 Bd7 14.Qd2 Re8 15.Na5 Rc8
16.b4 a6 17.a3 Ng4 18.Bd4 Bg5 19.Qd3 Bxc1 20.Rxc1 Qg5 21.Re1 Qh5 22.h4 Bf5
23.Qxa6 Rc7 24.Nxc6 Bc8 25.Qb6 Rb7 26.Qc5 Nf6 27.Bxf6 gxf6 28.e3 f5 29.Qxd5 Qg6
30.Nd4 Rd7 31.Qf3 Bb7 32.Qe2 Bxg2 33.Kxg2 f4 34.Qf3 fxg3 35.Qxg3 Rxd4 36.exd4 Rxe1
37.b5 Ra1  0-1

[Event "TCh-SUI 2013"]
[Site "Switzerland SUI"]
[Date "2013.09.07"]
[Round "6.5"]
[White "Sermier,G"]
[Black "Curien,N"]
[Result "1-0"]
[WhiteElo "2427"]
[BlackElo "2204"]

1.Nf3 d5 2.g3 Bg4 3.Bg2 Nd7 4.c4 e6 5.cxd5 exd5 6.O-O Ngf6 7.d3 Bd6 8.Nc3 c6
9.Qc2 O-O 10.e4 dxe4 11.dxe4 Bxf3 12.Bxf3 Ne5 13.Bg2 Bc5 14.Rd1 Qa5 15.Na4 Bd4
16.Bd2 Qb5 17.Bc3 Bxc3 18.Qxc3 Qxa4 19.Qxe5 Rad8 20.Rxd8 Rxd8 21.Qc7 Rd1+
22.Rxd1 Qxd1+ 23.Bf1 g6 24.Qxb7 Nxe4 25.Qxa7 Nd2 26.Qb8+ Kg7 27.Qe5+ Kg8
28.Qe2 Nf3+ 29.Kg2 Ne1+ 30.Kh1 Qd5+ 31.f3 Qxf3+ 32.Qxf3 Nxf3 33.a4 Ne5 34.a5 Nd7
35.a6 Nb6 36.a7 Kf8 37.Bg2  1-0

[Event "Faergen Cup 2013"]
[Site "Allinge DEN"]
[Date "2013.09.08"]
[Round "2.7"]
[White "Larsen,Arne Walther"]
[Black "Petersson,G"]
[Result "1/2-1/2"]
[WhiteElo "1873"]
[BlackElo "2167"]

1.Nf3 d5 2.g3 Nf6 3.Bg2 Bf5 4.d3 e6 5.Nbd2 Bc5 6.O-O a5 7.e3 a4 8.a3 Nbd7
9.Qe2 e5 10.e4 dxe4 11.dxe4 Bg4 12.h3 Bh5 13.g4 Bg6 14.Kh1 O-O 15.Nh4 Re8
16.Nf5 Nf8 17.Nc4 b5 18.Nce3 c6 19.h4 Ne6 20.h5 Nf4 21.Qf3 Bxf5 22.Nxf5 Ne6
23.g5 Nd7 24.Qg4 Ra7 25.Bh3 Kh8 26.Bd2 Nd4 27.Bc3 Nxf5 28.Qxf5  1/2-1/2

[Event "TCh-ESP CECLUB Honor 2013"]
[Site "Linares ESP"]
[Date "2013.09.08"]
[Round "1.2"]
[White "Almagro Llamas,P"]
[Black "Vallejo Pons,F"]
[Result "0-1"]
[WhiteElo "2477"]
[BlackElo "2706"]

1.Nf3 d5 2.g3 g6 3.Bg2 Bg7 4.d4 c6 5.O-O Nf6 6.c4 dxc4 7.a4 Be6 8.Qc2 Na6
9.Ng5 Qxd4 10.Nxe6 fxe6 11.Na3 Nb4 12.Qxc4 Nfd5 13.Qb3 O-O 14.Nc4 a5 15.Bg5 Qg4
16.Bd2 Qxe2 17.Rae1 Qd3 18.Qxd3 Nxd3 19.Rxe6 Nc5 20.Re2 Nb3 21.Bg5 Nd4 22.Re4 Nf3+
23.Bxf3 Rxf3 24.Bxe7 b5 25.axb5 cxb5 26.Na3 Re8 27.Rfe1 Rb3 28.Bc5 Rxe4 29.Rxe4 Bxb2
30.Nc2 Kf7 31.Nd4 Bxd4 32.Rxd4 Ke6 33.Re4+ Kd7 34.Re5 Rd3 35.Kf1 Rd1+ 36.Ke2 Nc3+
37.Ke3 Kc6 38.Bd4 Nd5+ 39.Ke4 Nf6+ 40.Ke3 Ng4+  0-1

[Event "10th LGA Premium Cup GpC"]
[Site "Nuernberg GER"]
[Date "2013.09.08"]
[Round "6.2"]
[White "Troyke,C"]
[Black "Heinzel,O"]
[Result "1/2-1/2"]
[WhiteElo "2319"]
[BlackElo "2374"]

1.g3 d5 2.Nf3 Bf5 3.Bg2 c6 4.c4 e6 5.cxd5 exd5 6.d3 Nd7 7.Nc3 Ngf6 8.Nh4 Be6
9.Nf3 Bf5 10.Nh4 Be6 11.Nf3 Bf5  1/2-1/2

[Event "10th LGA Premium Cup GpB"]
[Site "Nuernberg GER"]
[Date "2013.09.08"]
[Round "7.4"]
[White "Zaragatski,I"]
[Black "Maiwald,JU"]
[Result "1/2-1/2"]
[WhiteElo "2499"]
[BlackElo "2460"]

1.Nf3 d5 2.g3 Bg4 3.Bg2 c6 4.c4 e6 5.O-O Nf6 6.cxd5 Bxf3 7.Bxf3 cxd5 8.Nc3 Nc6
9.d3 Be7 10.Bf4 O-O 11.Qa4 a6 12.Rfc1 b5 13.Qd1 Rc8 14.a3 Qb6 15.Bg2 h6 16.b4 Rfd8
17.Rab1 Ng4 18.Qe1 Bf6 19.Nd1 Nd4 20.h3 Ne5 21.Be3 Nd7 22.Qd2 Qb8 23.Bxd4 Bxd4
24.e3 Bf6 25.d4 Nb6 26.Rxc8 Rxc8 27.Rc1 Nc4 28.Qc3 Qd6 29.Nb2 e5 30.Nd3 exd4
31.exd4  1/2-1/2

[Event "12th Kesarovski Mem"]
[Site "Sunny Beach BUL"]
[Date "2013.09.08"]
[Round "9.15"]
[White "Spiridonov,Niko1"]
[Black "Yakimenko,Alex"]
[Result "1/2-1/2"]
[WhiteElo "2244"]
[BlackElo "2199"]

1.g3 d5 2.Nf3 c6 3.b3 Nf6 4.Bb2 Nbd7 5.Bg2 g6 6.O-O Bg7 7.c4 O-O 8.Qc2 e6
9.d3 Re8 10.Ne5 Nxe5 11.Bxe5 Nd7 12.Bxg7 Kxg7 13.Nd2 Nf8 14.Rac1 Bd7 15.b4 Rc8
16.Qb2+ Qf6 17.d4 Rcd8 18.e4 Bc8 19.e5 Qe7 20.b5 Bd7 21.a4 Rc8 22.Rc3 Red8
23.Rfc1 Kg8 24.bxc6 Bxc6 25.cxd5 exd5 26.a5 Rb8 27.Qa3 Qxa3 28.Rxa3 Ne6 29.Nf3 g5
30.Bh3 h6 31.Bxe6 fxe6 32.h4 g4 33.Nh2 h5 34.f4 Bb5 35.Nf1 Rdc8 36.Rac3 Rxc3
37.Rxc3 Bc4 38.Ne3 Rc8 39.f5 Kf7 40.Ng2 exf5 41.Nf4 Rc6 42.Nxh5 Ra6 43.Ra3 b6
44.Kf2 bxa5 45.Nf4 a4 46.Ke3 Bb3 47.Nd3 Rb6 48.Nc5 Rb4 49.h5 Bc2 50.h6 Kg6
51.e6 Kxh6 52.e7 Rb8 53.Rc3 Bb3 54.Kf4 Kg6 55.Ke5 Kf7 56.Kd6 Re8 57.Re3 Bc2
58.Nd7 Be4 59.Ra3 Rxe7 60.Rxa4 Re6+ 61.Kc5 a6 62.Rb4 a5 63.Rb7 Kg8 64.Ra7 Rh6
65.Rxa5 Rh3 66.Ra3 Kg7 67.Ne5 Kf6 68.Ra6+ Kg7 69.Ra7+ Kh6 70.Nf7+ Kg6 71.Ne5+ Kf6
72.Ra6+ Kg7  1/2-1/2

[Event "TCh-SUI 2013"]
[Site "Switzerland SUI"]
[Date "2013.09.08"]
[Round "7.6"]
[White "Schmid,Mi2"]
[Black "Curien,N"]
[Result "1/2-1/2"]
[WhiteElo "2218"]
[BlackElo "2204"]

1.Nf3 d5 2.g3 Bg4 3.Bg2 Nd7 4.d3 e6 5.Nbd2 Bc5 6.e4 Ngf6 7.O-O O-O 8.h3 Bxf3
9.Qxf3 c6 10.Qe2 Qc7 11.Kh2 dxe4 12.dxe4 e5 13.a4 a6 14.a5 Rfe8 15.Nc4 Rad8
16.c3 h6 17.Qf3 Nh7 18.h4 Ndf8 19.Bh3 Kh8 20.b4 Ba7 21.Be3 Bxe3 22.Qxe3  1/2-1/2

[Event "TCh-SUI 2013"]
[Site "Switzerland SUI"]
[Date "2013.09.08"]
[Round "7.1"]
[White "Forster,Ri"]
[Black "Stojanovic,Mih"]
[Result "1/2-1/2"]
[WhiteElo "2451"]
[BlackElo "2564"]

1.Nf3 d5 2.g3 Nf6 3.Bg2 c6 4.O-O Bg4 5.d4 Nbd7 6.Nbd2 e6 7.Re1 Be7 8.e4 O-O
9.c3 h6 10.Qb3 Qc7 11.h3 Bh5 12.exd5 cxd5 13.Nh4 Nh7 14.Ndf3 Bxf3 15.Nxf3 Bd6
16.Be3  1/2-1/2

[Event "Linares Femenin Int 2013"]
[Site "Linares ESP"]
[Date "2013.09.09"]
[Round "3.4"]
[White "Aranaz Murillo,A"]
[Black "Brunello,M"]
[Result "1-0"]
[WhiteElo "2262"]
[BlackElo "2246"]

1.Nf3 d5 2.g3 c6 3.c4 Nf6 4.Bg2 Bf5 5.cxd5 cxd5 6.Qb3 Qb6 7.Qxb6 axb6 8.Nc3 Nc6
9.d3 e6 10.O-O Bc5 11.Bf4 O-O 12.a3 Rac8 13.Nb5 Nh5 14.Bd2 Rfd8 15.b4 Be7
16.Be3 e5 17.Bxb6 Rd7 18.Rac1 Re8 19.Nc7 Rf8 20.b5 Nd4 21.Bxd4 exd4 22.Nxd4 Bg6
23.a4 Nf6 24.a5 Ba3 25.Ra1  1-0

[Event "Lake Sevan 2013"]
[Site "Martuni ARM"]
[Date "2013.09.12"]
[Round "5.5"]
[White "Grigoryan,K2"]
[Black "Swiercz,D"]
[Result "1/2-1/2"]
[WhiteElo "2563"]
[BlackElo "2654"]

1.Nf3 d5 2.g3 c6 3.Bg2 Bg4 4.c4 e6 5.O-O Nf6 6.d3 Bd6 7.cxd5 cxd5 8.Qb3 Qd7
9.Bg5 Nc6 10.Bxf6 gxf6 11.Nbd2 O-O 12.d4 Bf5 13.Rfe1 Bg6 14.e4 Bb4 15.exd5 Qxd5
16.Qxd5 exd5 17.Red1 Rfe8 18.Rac1 Rad8 19.a3 Bxd2 20.Rxd2 Na5 21.Rc7 Nc4
22.Rd1 Nxb2 23.Ra1 b6 24.Rxa7 Re2 25.Rc7 Nc4 26.Bf1 Rc2 27.Ne1 Rd2 28.Nf3 Rc2
29.Ne1 Rd2 30.Nf3  1/2-1/2

[Event "Mohamed Slama Mem 2013"]
[Site "Monastir TUN"]
[Date "2013.09.12"]
[Round "6.3"]
[White "Drasko,M"]
[Black "Miladinovic,I"]
[Result "0-1"]
[WhiteElo "2464"]
[BlackElo "2572"]

1.Nf3 d5 2.g3 Nc6 3.d4 Bf5 4.Bg2 Nb4 5.Na3 c6 6.O-O h6 7.Bf4 e6 8.c3 Na6
9.Nc2 Bd6 10.Bxd6 Qxd6 11.Nd2 Nf6 12.f3 Bh7 13.e4 Qc7 14.e5 Nd7 15.f4 c5
16.Ne3 O-O 17.f5 cxd4 18.cxd4 Qb6 19.Nf3 Bxf5 20.Nxf5 exf5 21.Qe2 Rfe8 22.Kh1 Nb4
23.a3 Nc6 24.Rad1 Ne7 25.Nh4 g6 26.Qe3 h5 27.Qg5 Nf8 28.Bxd5 Rad8 29.Ba2 Rxd4
30.Rxd4 Qxd4 31.Nf3 Qd3 32.Rf2 Nc6 33.Qf6 Qd7 34.Rd2 Qe7 35.Qxe7 Rxe7 36.Bd5 Rd7
37.Bxc6 Rxd2 38.Nxd2 bxc6 39.Nc4 Nd7 40.Kg2 Kf8 41.Kf3 Ke7 42.Kf4 Ke6 43.b4 Kd5
44.Nd6 f6  0-1

[Event "ACP Cup 2013"]
[Site "Riga LAT"]
[Date "2013.09.13"]
[Round "1.2"]
[White "Radjabov,T"]
[Black "Shirov,A"]
[Result "1-0"]
[WhiteElo "2733"]
[BlackElo "2696"]

1.Nf3 d5 2.g3 Bg4 3.Bg2 Nd7 4.c4 e6 5.cxd5 exd5 6.h3 Bh5 7.O-O c6 8.d3 Bc5
9.Nc3 Ngf6 10.Qb3 Bb6 11.Na4 O-O 12.Nxb6 axb6 13.Re1 Re8 14.Nd4 Nc5 15.Qc3 Nfd7
16.b3 f6 17.Bb2 Qc7 18.Qc2 Bf7 19.a4 Ne5 20.b4 Ne6 21.Nxe6 Bxe6 22.Bd4 Rac8
23.a5 bxa5 24.Rxa5 Qd7 25.Kh2 Nf7 26.Bc5 Nd6 27.Bxd6 Qxd6 28.Qc5 Qc7 29.Ra7 Bf5
30.b5 Qb8 31.Qb6 Bxd3 32.Rxb7 Qd6 33.bxc6 Rxc6 34.Qa7 Bg6 35.Rd7  1-0

[Event "Alushta Autumn 4 2013"]
[Site "Alushta UKR"]
[Date "2013.09.14"]
[Round "7"]
[White "Yandemirov,V"]
[Black "Bajarani,U"]
[Result "0-1"]
[WhiteElo "2423"]
[BlackElo "2436"]

1.Nf3 d5 2.g3 Nf6 3.Bg2 Nc6 4.d4 Bf5 5.c3 Qc8 6.Bf4 e6 7.O-O Bd6 8.Bxd6 cxd6
9.Nbd2 O-O 10.Nh4 Bg6 11.Nxg6 hxg6 12.e4 dxe4 13.Nxe4 d5 14.Nxf6+ gxf6 15.Qd2 Kg7
16.Rac1 b5 17.b3 Qd7 18.Rfd1 Rad8 19.Qe2 a6 20.a4 Na5 21.Qa2 bxa4 22.b4 Nc4
23.Ra1 Nb6 24.Bf1 Qb7 25.Bd3 Rc8 26.Rdc1 Rc7 27.Qe2 Ra8 28.Ra3 Qc8 29.h4 a5
30.b5 Qf8 31.Rca1 Rac8 32.Qe1 Qe8 33.Rb1 e5 34.Qd2 e4 35.Be2 Qe7 36.Rba1 f5
37.Kg2 f4 38.Qxf4 Rxc3 39.Rxc3 Rxc3 40.h5 e3 41.hxg6 fxg6 42.Bf3 Qf6 43.fxe3 a3
44.Kf2 Rc2+ 45.Be2 a2 46.Kf3 Rb2 47.Bd3 g5 48.Qxf6+ Kxf6 49.e4 Na4 50.exd5 Nc3
51.d6 Ke6 52.Kg4 Kxd6 53.Kxg5 Kd5 54.Kg4  0-1

[Event "1st League Cent-SRB 2013"]
[Site "Kragujevac SRB"]
[Date "2013.09.14"]
[Round "1.1"]
[White "Tadic,Br"]
[Black "Ivanov,MM"]
[Result "1-0"]
[WhiteElo "2486"]
[BlackElo "2398"]

1.Nf3 d5 2.g3 c6 3.Bg2 Bf5 4.O-O e6 5.d3 h6 6.c4 dxc4 7.dxc4 Qxd1 8.Rxd1 Bc2
9.Re1 Nf6 10.Nd4 Be4 11.Bh3 Na6 12.Nc3 Bb4 13.Bf4 Bxc3 14.bxc3 Nd7 15.f3 Bh7
16.e4 g5 17.Bd6 Ndc5 18.Nb3 Na4 19.c5 O-O-O 20.Bf1 Nc7 21.Be5 Rhg8 22.Rab1 Nb5
23.Na5 Nxc5 24.Bxb5 cxb5 25.Bd4 Nd3 26.Red1 g4 27.Rxb5 gxf3 28.Rxd3 Bxe4
29.Rd2 f5 30.Kf2 b6 31.Nc4 h5 32.Re5 h4 33.Rxe6 hxg3+ 34.hxg3 Bd5 35.Rd6  1-0

[Event "Mohamed Slama Mem 2013"]
[Site "Monastir TUN"]
[Date "2013.09.14"]
[Round "9.5"]
[White "Drasko,M"]
[Black "Payen,Ar"]
[Result "1-0"]
[WhiteElo "2464"]
[BlackElo "2318"]

1.Nf3 d5 2.g3 c6 3.Bg2 Nf6 4.O-O Bf5 5.d3 e6 6.c4 Be7 7.Be3 Nbd7 8.Qb3 Ng4
9.Bd2 Qb6 10.Bc3 O-O 11.h3 Ngf6 12.Nh4 Bg6 13.Nxg6 hxg6 14.Nd2 Bc5 15.Nf3 Qc7
16.e3 Qb6 17.Rfe1 Rfd8 18.d4 Qxb3 19.axb3 Bb6 20.Nd2 a6 21.Rad1 Rac8 22.e4 dxe4
23.Nxe4 Nxe4 24.Bxe4 Nf6 25.Bf3 Rd7 26.Rd2 Rcd8 27.Red1 Bc7 28.b4 e5 29.dxe5 Rxd2
30.Rxd2 Rxd2 31.Bxd2 Bxe5 32.b3 Kf8 33.b5 axb5 34.cxb5 Nd5 35.bxc6 bxc6 36.Bxd5 cxd5
37.Bb4+ Ke8 38.Kf1 g5 39.Ke2 Kd7 40.Kd3 g6 41.Bc3 f6 42.Bd2 Kc6 43.f4 gxf4
44.gxf4 Bd6 45.f5 g5 46.Bc3 Be7 47.Bb2 Kb5 48.Bc3 Kc6 49.Bd4 Kb5 50.Bf2 Kc6
51.Be1 Bd6 52.b4 Bc7 53.Bd2 Bb6 54.Be3 Bc7 55.Bc5 Bg3 56.Bd4 Bd6 57.Bxf6 Bxb4
58.Bxg5 Kd6 59.Bf4+ Ke7 60.Be5 Bc5 61.Ke2 Kf7 62.Kf3 Be7 63.Kf4 Bf6 64.Bc7 Kg7
65.Ba5 Kh6 66.Kg4 d4 67.Bd2+ Kg7 68.h4 d3 69.h5 Kh7 70.Kf3 Kg7 71.Ke4  1-0

[Event "TCh-CRO w Liga 2013"]
[Site "Bol CRO"]
[Date "2013.09.15"]
[Round "2.3"]
[White "Turk,T"]
[Black "Bazaj Bockai,S"]
[Result "1/2-1/2"]
[WhiteElo "1936"]
[BlackElo "2099"]

1.Nf3 d5 2.g3 Bg4 3.Bg2 Nf6 4.O-O Nbd7 5.d4 e6 6.h3 Bh5 7.Bf4 Be7 8.Nbd2 O-O
9.c4 c6 10.Qb3 Qb6 11.Rfe1 Bg6 12.c5 Qxb3 13.axb3 Ne4 14.Nxe4 Bxe4 15.b4 Rfe8
16.g4 h6 17.Bg3 Bf6 18.Red1 Nf8 19.e3 Nh7 20.Nd2 Bxg2 21.Kxg2 Ng5 22.f4 Ne4
23.Nf3 g6 24.h4 a6 25.g5 Bg7 26.Rh1 h5 27.Rhd1 Re7 28.Ne5 Kh7 29.Nd3 b6 30.Be1 Rb7
31.Ra3 b5 32.Rda1 Rba7 33.Ne5 Bxe5 34.fxe5 Kg8 35.Rd3 Kf8 36.Rda3 Ke8 37.Kf3 Kd8
38.Ke2 Kc8 39.Kf3 Kb7 40.Ke2 Re8 41.Kd3 Raa8 42.Ra5 Rf8  1/2-1/2

[Event "31st World Junior Girls"]
[Site "Kocaeli TUR"]
[Date "2013.09.15"]
[Round "3.27"]
[White "Assaubayeva,Bibissara"]
[Black "Liu,Hongyan"]
[Result "1/2-1/2"]
[WhiteElo "1761"]
[BlackElo "2065"]

1.Nf3 d5 2.g3 Nf6 3.Bg2 Bf5 4.d4 h6 5.O-O e6 6.c4 c6 7.Qb3 Qb6 8.c5 Qc7 9.Bf4 Qc8
10.Nc3 Nbd7 11.Qd1 Be7 12.b4 O-O 13.b5 Nh5 14.Be3 cxb5 15.Nxb5 a6 16.Nc3 b5
17.Rc1 Nhf6 18.Qb3 Ne4 19.a4 Nxc3 20.Rxc3 bxa4 21.Qxa4 Nb6 22.Qa5 Nc4 23.Rxc4 dxc4
24.Ne5 Rb8 25.Nxc4 Bd8 26.Qa2 Bc7 27.Bd2 Rd8 28.e4 Bg4 29.Bc3 Qb7 30.d5 exd5
31.exd5 Qb3 32.Qxb3 Rxb3 33.Rc1 Rdb8 34.Nd2 R3b5 35.h3 Be2 36.d6 Rxc5 37.dxc7 Rxc7
38.Re1 Rxc3 39.Rxe2 Rc2 40.Bf3 a5 41.Ne4 Rxe2 42.Bxe2 a4 43.Nc3 a3 44.Na2 Rb2
45.Bc4 Rc2 46.Bb3 Rb2 47.Bc4 Rc2 48.Bb3 Rb2 49.Bc4  1/2-1/2

[Event "52nd World Juniors"]
[Site "Kocaeli TUR"]
[Date "2013.09.15"]
[Round "3.52"]
[White "Karaokcu,Erkin"]
[Black "Baasansuren,Erdene"]
[Result "0-1"]
[WhiteElo "2014"]
[BlackElo "1844"]

1.Nf3 d5 2.g3 e6 3.Bg2 Nf6 4.O-O Be7 5.d3 O-O 6.Nbd2 b6 7.e4 Bb7 8.e5 Nfd7
9.Re1 c5 10.h4 Nc6 11.Nf1 Re8 12.Bh3 Bf8 13.N1h2 b5 14.h5 d4 15.h6 g6 16.Bg5 Be7
17.Bxe7 Nxe7 18.Bg2 Nf5 19.Qd2 Bd5 20.Ng4 Rc8 21.a4 b4 22.b3 a6 23.Qf4 Bxf3
24.Bxf3 Rc7 25.Bg2 Qe7 26.Be4 Kh8 27.Kg2 Rec8 28.Rh1 Rf8  0-1

[Event "52nd World Juniors"]
[Site "Kocaeli TUR"]
[Date "2013.09.15"]
[Round "3.30"]
[White "Velten,P"]
[Black "Koksal,E"]
[Result "1-0"]
[WhiteElo "2427"]
[BlackElo "2207"]

1.Nf3 d5 2.g3 Nf6 3.Bg2 c6 4.O-O Bf5 5.b3 e6 6.Bb2 h6 7.d3 Be7 8.Nbd2 O-O
9.Re1 a5 10.e4 Bh7 11.a3 Na6 12.Qe2 Nd7 13.Rad1 Bf6 14.d4 a4 15.bxa4 Nb6
16.Ba1 Nc7 17.Rb1 Nxa4 18.c4 b5 19.cxd5 cxd5 20.Rb3 Nb6 21.exd5 exd5 22.Ne5 Nc4
23.Bc3 Re8 24.Ndxc4 bxc4 25.Rb7 Rxa3 26.Qb2 Ra6 27.Rd1 Bxe5 28.dxe5 Bd3 29.h4 Ne6
30.Qb5 d4 31.Bb4 Ra8 32.Bc6 Be2 33.Re1 d3 34.Rd7 Qb8 35.Rb7 Qd8 36.Qxc4 Rc8
37.Qe4 Nd4 38.Bxe8 Nf3+ 39.Kh1 Qxe8 40.Rxe2 Rc1+ 41.Kg2 dxe2 42.Kxf3 Qa8
43.e6 f5 44.Rxg7+  1-0

[Event "ch-Vienna State 2013"]
[Site "Vienna AUT"]
[Date "2013.09.15"]
[Round "9.3"]
[White "Kilgus,G"]
[Black "Baumegger,S"]
[Result "1/2-1/2"]
[WhiteElo "2416"]
[BlackElo "2468"]

1.Nf3 d5 2.g3 Nf6 3.Bg2 c6 4.O-O Bg4 5.d3 Nbd7 6.c4 e6 7.Nc3 Bc5 8.h3 Bh5
9.cxd5 exd5 10.Qb3 Bb6 11.Na4 O-O 12.g4 Bg6 13.Nh4 Re8 14.Nxg6 hxg6 15.Nxb6 axb6
16.Re1 Nc5 17.Qc2 d4 18.b4 Na4 19.b5 cxb5 20.Bxb7 Ra7 21.Bf3 Nd5 22.Bd2 Ndc3
23.a3 Rae7 24.Bxc3 Nxc3 25.e4 Re5 26.Qd2 g5 27.Rf1 Qf6 28.Bd1 Qf4 29.Qxf4 gxf4
30.h4 Ra8 31.Kg2 Re7 32.Kf3 Rea7 33.Kxf4 Rxa3 34.Rxa3 Rxa3 35.Ke5 b4 36.Kxd4 Ra1
37.Kc4 Rxd1 38.Rxd1 Nxd1 39.f3 Nb2+ 40.Kd4 b5 41.Ke3 Na4 42.d4 Nb6 43.Kd3 Nc4
44.Kc2 b3+ 45.Kxb3 Nd2+ 46.Kb4 Nxf3 47.d5 Kf8 48.Kxb5 Ke7 49.Kc6 Ne5+ 50.Kc7 f6
51.d6+ Ke6 52.h5 Nd7 53.Kc6 Nf8 54.Kc7 Nd7 55.Kc6 Ne5+ 56.Kc7 Nd7  1/2-1/2

[Event "TCh-CRO w Liga 2013"]
[Site "Bol CRO"]
[Date "2013.09.17"]
[Round "4.3"]
[White "Golubenko,Valen"]
[Black "Repkova,E"]
[Result "0-1"]
[WhiteElo "2269"]
[BlackElo "2347"]

1.Nf3 d5 2.g3 e6 3.Bg2 Nf6 4.O-O Be7 5.c4 O-O 6.d4 dxc4 7.Ne5 Nc6 8.Bxc6 bxc6
9.Nxc6 Qe8 10.Nxe7+ Qxe7 11.Qa4 c5 12.Qxc4 cxd4 13.Qxd4 e5 14.Qh4 Rb8 15.b3 Rd8
16.Bb2 h6 17.Na3 Bg4 18.Nc4 Rb5 19.Rfd1 Rxd1+ 20.Rxd1 Kh7 21.Ba3 Qe6 22.Bc1 Bxe2
23.Rd6 Qf5 24.Ne3 Qb1 25.Rd8  0-1

[Event "TCh-CRO 2a Liga 2013"]
[Site "Bol CRO"]
[Date "2013.09.17"]
[Round "4.1"]
[White "Licina,Z"]
[Black "Mufic,Go"]
[Result "1/2-1/2"]
[WhiteElo "2223"]
[BlackElo "2249"]

1.Nf3 d5 2.g3 c6 3.Bg2 Bg4 4.O-O Nd7 5.d4 e6 6.c4 Ngf6 7.Qb3 Qb6 8.Nc3 Be7
9.Re1 O-O 10.Bf4 Bf5 11.Nd2 Rfd8 12.h3 h6 13.g4 Bg6 14.c5  1/2-1/2

[Event "FSFMA Sept 2013"]
[Site "Budapest HUN"]
[Date "2013.09.17"]
[Round "9.5"]
[White "Terbe,J"]
[Black "Mayer,I"]
[Result "0-1"]
[WhiteElo "2017"]
[BlackElo "2047"]

1.Nf3 d5 2.g3 Nf6 3.Bg2 g6 4.O-O Bg7 5.d3 O-O 6.Nbd2 c5 7.c4 Nc6 8.cxd5 Nxd5
9.Ne4 b6 10.Rb1 h6 11.Bd2 Be6 12.Qc1 Kh7 13.Nc3 Rc8 14.Nxd5 Bxd5 15.a3 Bxf3
16.Bxf3 Nd4 17.Re1 c4 18.Qd1 Nxf3+ 19.exf3 Qxd3 20.Re3 Qf5 21.Bb4 Rfd8 22.Qe1 e6
23.Kg2 Rd3 24.Bc3 Bxc3 25.bxc3 Rxe3 26.fxe3 Qc2+ 27.Kg1 Rd8 28.Rc1 Qd2 29.a4 Qxe1+
30.Rxe1 Rd3 31.Rc1 Rxe3 32.Kf2 Rd3 33.Ke2 a6 34.h4 b5 35.axb5 axb5 36.Rb1 Rd5
37.Rb2 Kg7 38.g4 h5 39.Rc2 hxg4 40.fxg4 Rd3 41.Rb2 Rxc3 42.Rxb5 Rg3  0-1

[Event "Slama Mem Schev 2013"]
[Site "Monastir TUN"]
[Date "2013.09.17"]
[Round "3.4"]
[White "Drasko,M"]
[Black "Boudriga,M"]
[Result "1/2-1/2"]
[WhiteElo "2464"]
[BlackElo "2274"]

1.Nf3 d5 2.g3 Nc6 3.d4 Bf5 4.Bg2 Nb4 5.Na3 c6 6.O-O h6 7.c3 Na6 8.Qb3 Qb6
9.Bf4 e6 10.Nd2 Nf6 11.Rfe1 Be7 12.e4 Qxb3 13.axb3 Nxe4 14.Nxe4 Bxe4 15.Bxe4 Bxa3
16.bxa3 dxe4 17.Rxe4 Nb8 18.c4 Nd7 19.Bd2 O-O 20.a4 Rfd8 21.Bc3 b6 22.h4 a6
23.Rae1 b5 24.d5 cxd5 25.cxd5 Nf8 26.Rg4 g6 27.dxe6 Nxe6 28.axb5 axb5 29.Rb4 Rac8
30.Bf6 Rd5 31.Re2 h5 32.Kg2 Kf8 33.Rbe4 Rd3 34.R4e3 Rxe3 35.Rxe3 Rc5 36.Rd3 Rf5
37.Bc3 Ke8 38.Bb4 Nc7 39.Bd6 Rd5 40.Re3+ Ne6 41.Be5 Kd7 42.Kf3 Kc6 43.Ke2 Kc5
44.Bf6 Kc6 45.Rc3+ Rc5 46.Rd3 Rd5 47.Re3 Kd6  1/2-1/2

[Event "Gaprindashvili Cup"]
[Site "Tbilisi GEO"]
[Date "2013.09.17"]
[Round "9.5"]
[White "Azaladze,S"]
[Black "Petrosyan,T1"]
[Result "0-1"]
[WhiteElo "2491"]
[BlackElo "2338"]

1.Nf3 d5 2.g3 c6 3.Bg2 Bg4 4.O-O Nd7 5.d3 e6 6.Nbd2 Bd6 7.c4 Ngf6 8.b3 O-O
9.Bb2 a5 10.a3 e5 11.h3 Bxf3 12.Bxf3 Re8 13.Bg2 b5 14.Qc2 bxc4 15.bxc4 Qb6
16.Rab1 Qa6 17.e3 Rab8 18.d4 exd4 19.exd4 c5 20.dxc5 Bxc5 21.cxd5 Qd6 22.Nc4 Qxg3
23.Nxa5 Nxd5 24.Kh1 Qg5 25.Nc4 Nf4 26.Rg1 Nf6 27.Bxf6 Qxf6 28.a4 Rbc8 29.Rb7 Nxg2
30.Rxg2 Re1+ 31.Kh2 Qf4+  0-1

[Event "Gaprindashvili Cup"]
[Site "Tbilisi GEO"]
[Date "2013.09.17"]
[Round "9.1"]
[White "Pantsulaia,L"]
[Black "Korneev,O"]
[Result "1/2-1/2"]
[WhiteElo "2596"]
[BlackElo "2621"]

1.Nf3 d5 2.g3 Bg4 3.Bg2 c6 4.O-O Nd7 5.d3 e6 6.c4 Bd6 7.cxd5 exd5 8.e4 Ne7
9.Nc3 O-O 10.h3 Bh5 11.exd5 cxd5 12.Be3 Ne5  1/2-1/2

[Event "TCh-CRO Ia Liga 2013"]
[Site "Bol CRO"]
[Date "2013.09.18"]
[Round "5.3"]
[White "Gonda,L"]
[Black "Palac,M"]
[Result "1/2-1/2"]
[WhiteElo "2524"]
[BlackElo "2562"]

1.Nf3 d5 2.g3 Nf6 3.Bg2 c6 4.O-O Bf5 5.d3 e6 6.Nfd2 h6 7.e4 Bh7 8.Nc3 Be7
9.f4 a5 10.Kh1 Na6 11.Qe2 O-O 12.g4 Re8 13.g5 hxg5 14.fxg5 Nd7 15.Nf3 Bg6
16.Nh4 d4 17.Nxg6 fxg6 18.Qf2 Ne5 19.Ne2 Bxg5 20.Qxd4 Qxd4 21.Nxd4 Bxc1 22.Raxc1 Rad8
23.Nf3 Nxf3 24.Rxf3 e5 25.Bh3 Rd6 26.Rcf1 Nb4 27.R1f2 Nxa2 28.Rf7 Rf6 29.R2xf6  1/2-1/2